<?xml version="1.0" encoding="UTF-8"?><?xml-stylesheet type="text/xsl" href="static/style.xsl"?><OAI-PMH xmlns="http://www.openarchives.org/OAI/2.0/" xmlns:xsi="http://www.w3.org/2001/XMLSchema-instance" xsi:schemaLocation="http://www.openarchives.org/OAI/2.0/ http://www.openarchives.org/OAI/2.0/OAI-PMH.xsd"><responseDate>2026-04-13T02:47:30Z</responseDate><request verb="GetRecord" identifier="oai:www.recercat.cat:2072/484957" metadataPrefix="marc">https://recercat.cat/oai/request</request><GetRecord><record><header><identifier>oai:recercat.cat:2072/484957</identifier><datestamp>2025-10-17T17:56:22Z</datestamp><setSpec>com_2072_98</setSpec><setSpec>col_2072_378192</setSpec></header><metadata><record xmlns="http://www.loc.gov/MARC21/slim" xmlns:dcterms="http://purl.org/dc/terms/" xmlns:xsi="http://www.w3.org/2001/XMLSchema-instance" xmlns:doc="http://www.lyncode.com/xoai" xsi:schemaLocation="http://www.loc.gov/MARC21/slim http://www.loc.gov/standards/marcxml/schema/MARC21slim.xsd">
   <leader>00925njm 22002777a 4500</leader>
   <datafield ind2=" " ind1=" " tag="042">
      <subfield code="a">dc</subfield>
   </datafield>
   <datafield ind2=" " ind1=" " tag="720">
      <subfield code="a">Buenafuentes de la Mata, Cristina</subfield>
      <subfield code="e">author</subfield>
   </datafield>
   <datafield ind2=" " ind1=" " tag="720">
      <subfield code="a">Raab, Matthias</subfield>
      <subfield code="e">author</subfield>
   </datafield>
   <datafield ind2=" " ind1=" " tag="260">
      <subfield code="c">2022</subfield>
   </datafield>
   <datafield ind2=" " ind1=" " tag="520">
      <subfield code="a">En el paradigma de los nomina actionis destacan los sufijos -ción y -miento como los más productivos de la derivación nominal en español actual. Además de su alta frecuencia, los dos morfemas se hallan en una situación de competencia sufijal. El principal objetivo del estudio es realizar un análisis de la evolución de la competencia sufijal de -ción y -miento a partir de su participación en la formación de neologismos en el siglo XIX. El análisis pretende evidenciar los factores de tipo lingüístico que favorecen o bloquean la existencia de un doblete en -ción y -miento.</subfield>
   </datafield>
   <datafield ind2="0" ind1="0" tag="245">
      <subfield code="a">Variación morfológica en el siglo XIX : rivalidad y bloqueo de los sufijos -ción y -miento</subfield>
   </datafield>
</record></metadata></record></GetRecord></OAI-PMH>